Invisible Man / (Record no. 887)

000 -LEADER
fixed length control field 00541nam a2200217 a 4500
008 - FIXED-LENGTH DATA ELEMENTS--GENERAL INFORMATION
fixed length control field 191107t2001 xxk||||g |||| 00| 0 eng d
020 ## - INTERNATIONAL STANDARD BOOK NUMBER
International Standard Book Number 9780141184425
Terms of availability Rs. 299.00
040 ## - CATALOGING SOURCE
Original cataloging agency IMU Kochi Library
Language of cataloging eng
041 0# - LANGUAGE CODE
Language code of text/sound track or separate title eng
044 ## - COUNTRY OF PUBLISHING/PRODUCING ENTITY CODE
MARC country code United Kingdom
082 04 - DEWEY DECIMAL CLASSIFICATION NUMBER
Edition number 23
Classification number 813
Item number El597
100 1# - MAIN ENTRY--PERSONAL NAME
Personal name Ellison, Ralph
245 10 - TITLE STATEMENT
Title Invisible Man /
260 ## - PUBLICATION, DISTRIBUTION, ETC. (IMPRINT)
Place of publication, distribution, etc London :
Name of publisher, distributor, etc Penguin Books Ltd. ,
Date of publication, distribution, etc 2001
300 ## - PHYSICAL DESCRIPTION
Extent xli, 581 p. ;
Dimensions 20 cm.
500 ## - GENERAL NOTE
General note Introduction by John Callaban
650 #0 - SUBJECT ADDED ENTRY--TOPICAL TERM
Topical term or geographic name as entry element Fiction
852 ## - LOCATION/CALL NUMBER
Location IMU Kochi Library
904 ## - LOCAL DATA ELEMENT D, LDD (RLIN)
CATALOGER Akhil Bose
942 ## - ADDED ENTRY ELEMENTS (KOHA)
Item type Books
Holdings
Withdrawn status Lost status Source of classification or shelving scheme Damaged status Not for loan Collection code Permanent location Current location Shelving location Date acquired Source of acquisition Cost, normal purchase price Total Checkouts Full call number Barcode Date last seen Date last borrowed Koha item type Public note
          Fiction IMU Kochi Library IMU Kochi Library Fiction & General 2013-03-06 M/s Gemini Book House (Inv. No.76 dt. 2013-02-18) 299.00 1 813 El597 BK002238 2023-11-17 2023-11-06 Books Shelf-19, Row-1
          Fiction IMU Kochi Library IMU Kochi Library Fiction & General 2013-03-05 M/s Gemini Book House (Inv. No.79 dt. 2013-02-18) 299.00   813 El597 BK000634 2019-11-07   Books Shelf-19, Row-1


Copyright © All Rights Reserved by Indian Maritime University, Kochi Campus.
For any Suggestions/Query Contact to library or Email: library.kochi@imu.ac.in Ph:(0484)-2989402
(Web OPAC Designed by Rudra Ranjan. Maintained by IMU Kochi Library)

Powered by Koha